Formula One - Statistiques

Statistiques générales
  • Ce quiz a été pris 244 fois
  • Le résultat moyen est 56 sur 67
Statistiques - réponses
Hint Réponse % Correct
1961 Ferrari
99%
1964 Ferrari
99%
1975 Ferrari
99%
1976 Ferrari
99%
1977 Ferrari
99%
1979 Ferrari
99%
1982 Ferrari
99%
1983 Ferrari
99%
1999 Ferrari
99%
2000 Ferrari
99%
2001 Ferrari
99%
2002 Ferrari
99%
2003 Ferrari
99%
2004 Ferrari
99%
2007 Ferrari
99%
2008 Ferrari
99%
1974 McLaren
99%
1984 McLaren
99%
1985 McLaren
99%
1988 McLaren
99%
1989 McLaren
99%
1990 McLaren
99%
1991 McLaren
99%
1998 McLaren
99%
2024 McLaren
99%
2014 Mercedes
99%
2015 Mercedes
99%
2016 Mercedes
99%
2017 Mercedes
99%
2018 Mercedes
99%
2019 Mercedes
99%
2020 Mercedes
99%
2021 Mercedes
99%
2010 RedBull
99%
2011 RedBull
99%
2012 RedBull
99%
2013 RedBull
99%
2022 RedBull
99%
2023 RedBull
99%
2005 Renault
90%
2006 Renault
90%
1980 Williams
86%
1981 Williams
86%
1986 Williams
86%
1987 Williams
86%
1992 Williams
86%
1993 Williams
86%
1994 Williams
86%
1996 Williams
86%
1997 Williams
86%
1963 Lotus
59%
1965 Lotus
59%
1968 Lotus
59%
1970 Lotus
59%
1972 Lotus
59%
1973 Lotus
59%
1978 Lotus
59%
1995 Benetton
56%
2009 Brawn
56%
1966 Brabham
37%
1967 Brabham
37%
1971 Tyrell
25%
1962 BRM
22%
1959 Cooper
22%
1960 Cooper
22%
1958 Vanwall
20%
1969 Matra
19%
Aucun quiz correspondant
Distribution des résultats
% des personnes avec chaque résultat
Percentile par nombre de réponses
Votre historique - résultats
Vous n’avez pas pris ce quiz